00310nam a2200097Ia 450000500170000000800410001710000170005824500950007526000310017065000110020120260326235501.0260326s9999||||xx |||||||||||||| ||und|| aLivio, Piero 4aThe Age of the Jamahiriya :b The Socialist People's libyan arab Jamahiriya /cPiero Livio bTourist Research & Panning aAFRICA